Obálka Náhled e-knihy:
PDF
Pro půjčování e-knih musíte být přihlášeni.
Jak si půjčit online?

Čudo v továrni na džem /

Scott McLay má hyperkreatívny mozog - neustále produkuje geniálne nápady. Každučký deň vyvíja supertajné receptúry a stroje pre rodinnú továreň. Chýba mu len jediné... domáci miláčik, s ktorým by sa o to všetko mohol podeliť. Alebo ešte lepšie – ozajstný kamarát! Keď cez okno do továrne vrazí maličk...

Celý popis

Uloženo v:
Hlavní autor: Sains, Chrissie (Autor)
Médium: E-kniha
Jazyk:Czech
Vydáno: Praha : Albatros Media Slovakia s.r.o., 2025
Tagy:
Žádné tagy
LEADER 01512nam a22002297i 4500
001 302676
007 ta
008 260514s2025 xr ||||| |||| 00| 0 cze d
020 |a 9788056646724 
044 |a xr 
100 1 |a  Sains, Chrissie  |4 aut 
245 1 0 |a Čudo v továrni na džem /  |c  Sains, Chrissie 
240 1 0 |a An Alien in the Jam Factory 
264 1 |a Praha :  |b Albatros Media Slovakia s.r.o.,  |c 2025 
300 |a 1 online zdroj (192 stran) 
336 |a text  |b txt  |2 rdacontent 
337 |a bez média  |b n  |2 rdamedia 
338 |a online zdroj  |b cr  |2 rdacarrier 
520 2 |a Scott McLay má hyperkreatívny mozog - neustále produkuje geniálne nápady. Každučký deň vyvíja supertajné receptúry a stroje pre rodinnú továreň. Chýba mu len jediné... domáci miláčik, s ktorým by sa o to všetko mohol podeliť. Alebo ešte lepšie – ozajstný kamarát! Keď cez okno do továrne vrazí maličká mimozemšťanka Fizzy, zdá sa, že sa jeho želanie splnilo. Teraz je však načase, aby všetci priložili ruku k dielu a spojili sily. Továreň totiž ohrozuje zákerná babizňa, pardón, ich susedka Dafné Prefíkaná! 
910 |a RBIT002 
998 |d 426930  |a https://core.palmknihy.cz/api/books/426930/cover?tesghr  |b https://core.palmknihy.cz/api/books/426930/cover/400?tesghr  |c https://core.palmknihy.cz/api/books/426930/cover/50?tesghr  |e 2029-11-01  |g 192  |i 9788056646724  |k https://core.palmknihy.cz/api/books/426930/preview.pdf  |l   |q 49  |r 1  |s https://www.palmknihy.cz/kniha/426930  |t ebook  |y 2025  |z 1 
999 |d 302674